书目信息 |
| 题名: |
建筑给水排水工程
|
|
| 作者: | 董建威 , 司马卫平 , 禤志彬 主编 | |
| 分册: | ||
| 出版信息: | 北京 北京工业大学出版社 2018.06 |
|
| 页数: | 242页 | |
| 开本: | 26cm | |
| 丛书名: | ||
| 单 册: | ||
| 中图分类: | TU82 | |
| 科图分类: | ||
| 主题词: | 建筑--给水工程--高等学校--教材 , 建筑--排水工程--高等学校--教材 | |
| 电子资源: | ||
| ISBN: | 978-7-5639-4845-1 | |
| 000 | 01022nam0 2200265 450 | |
| 001 | 4804 | |
| 005 | 20181013094310.77 | |
| 010 | @a978-7-5639-4845-1@dCNY38.00 | |
| 100 | @a20170328d2018 em y0chiy50 ea | |
| 101 | 0 | @achi |
| 102 | @aCN@b110000 | |
| 105 | @aa z 000yy | |
| 200 | 1 | @a建筑给水排水工程@9jian zhu gei shui pai shui gong cheng@f董建威,司马卫平,禤志彬主编 |
| 210 | @a北京@c北京工业大学出版社@d2018.06 | |
| 215 | @a242页@c图@d26cm | |
| 300 | @a普通高等院校“十三五”规划精品教材 | |
| 330 | @a本书分为八章,主要内容包括:建筑给水、建筑消防给水、建筑给水管道计算、建筑排水、建筑排水管道的水力计算、居住小区给水排水、特殊地区给水排水管道、特殊性质建筑的给水排水。 | |
| 606 | 0 | @a建筑@x给水工程@x高等学校@j教材 |
| 606 | 0 | @a建筑@x排水工程@x高等学校@j教材 |
| 690 | @aTU82@v5 | |
| 701 | 0 | @a董建威@9dong jian wei@f(1975-)@4主编 |
| 701 | 0 | @a司马卫平@9si ma wei ping@f(1977-)@4主编 |
| 701 | 0 | @a禤志彬@9xuan zhi bin@c(建筑工程)@4主编 |
| 801 | 0 | @aCN@b91MARC@c20170328 |
| 905 | @aMuseLib@dTU82@e1466 | |
| 建筑给水排水工程/董建威,司马卫平,禤志彬主编.-北京:北京工业大学出版社,2018.06 |
| 242页:图;26cm |
| 普通高等院校“十三五”规划精品教材 |
| ISBN 978-7-5639-4845-1:CNY38.00 |
| 本书分为八章,主要内容包括:建筑给水、建筑消防给水、建筑给水管道计算、建筑排水、建筑排水管道的水力计算、居住小区给水排水、特殊地区给水排水管道、特殊性质建筑的给水排水。 |
| ● |
| 相关链接 |
|
|
|
|
正题名:建筑给水排水工程
索取号:TU82/1466
 
预约/预借
| 序号 | 登录号 | 条形码 | 馆藏地/架位号 | 状态 | 备注 |
| 1 | 1126724 | 211267243 | 第二样本阅览室/ [索取号:TU82/1466] | 在馆 | |
| 2 | 1126725 | 211267252 | 密集书库-资源管理系/ [索取号:TU82/1466] | 在馆 | |
| 3 | 1126726 | 211267261 | 第三借阅区/ [索取号:TU82/1466] | 在馆 | |
| 4 | 1126727 | 211267270 | 第三借阅区/ [索取号:TU82/1466] | 在馆 | |
| 5 | 1126728 | 211267289 | 第三借阅区/ [索取号:TU82/1466] | 在馆 |